000 01046nam a2200217Ia 4500
999 _c55961
_d55961
001 23060
003 GE_BSU
005 20230329154612.0
008 181216sge 1982xx |||||||||||||| ||geo||
040 _cGE_BSU
041 _ageo
080 _a821.14'01-141 ჰ-80
245 _aჰომეროსის ჰიმნები /
_cძველბერძნულიდან თარგმნა, შესავალი, შენიშვნები და სახელთა საძიებლები დაურთო ლ. კვირიკაშვილმა
264 _aთბილისი :
_bთბილ. უნ-ტის გამ-ბა,
_c1982.
300 _a95 გვ. ;
_b21 სმ.
501 _aსახელთა საძიებლები: გვ.92-94
653 _aანტიკური კულტურა
653 _aჰომეროსის ჰიმნები
700 _aკვირიკაშვილი, ლ
_eმთარგმნელი
_917339
942 _cBK
_2udc